00317nam a2200109Ia 4500008004100000041000800041082001400049100001200063245007700075260004700152300000800199220803s9999 xx 000 0 und d aeng a741.2 DOS aDoshi B aLe Corbusier And Louis I Kahn : The Acrobat And The Yogi Of Architecture b"Vastu Shilpa Foundation, Ahmedabad"c1986 a34p